A Prueba De Ti - Abraham Mateo, Malú - Estadísticas

Estadísticas generales
  • Esta prueba ha sido intentada 144 veces
  • La puntuación promedio es 225 de 288
Estadísticas de respuestas
Letra % Correcto
a
100%
A
100%
de
98%
De
98%
que
95%
Que
95%
es
93%
ti
93%
no
91%
No
91%
Si
91%
te
91%
y
91%
Y
91%
Lo
88%
lo
88%
prueba
86%
tu
86%
ha
84%
me
84%
Me
84%
mi
84%
prue
84%
84%
84%
esta
81%
en
79%
estoy
79%
por
79%
como
77%
Ya
77%
ya
77%
estás
74%
fué
74%
locura
74%
momento
74%
muriendo
74%
recuerdo
74%
Un
74%
un
74%
vez
74%
amé
72%
Antes
72%
conmigo
72%
decirme
72%
después
72%
ir
72%
para
72%
siento
72%
cuenta
70%
estar
70%
has
70%
hay
70%
más
70%
mucho
70%
piel
70%
Pudo
70%
ser
70%
tengo
70%
volver
70%
dejaste
67%
existe
67%
libre
67%
lloré
67%
perdido
67%
una
67%
nombre
65%
tuviste
65%
Desde
63%
empieces
63%
Date
60%
Descubrí
60%
la
60%
nada
60%
todo
60%
voy
60%
atrevas
58%
ver
58%
Ni
56%
existes
53%
quiero
53%
cambiarlo
51%
pedirlo
51%
fuerte
49%
quieres
49%
Soy
49%
otra
47%
caída
44%
dolido
44%
Hoy
44%
mal
44%
mentira
44%
vida
44%
desperté
37%
encuentras
37%
escucharte
37%
lejos
37%
sueño
37%
No se encontraron pruebas coincidentes
Distribución de puntuación
Porcentaje de gente con cada puntuación
Porcentaje por número respondido
Historial de tus puntuaciones
No has intentado esta prueba.